Environmental Impact Assessment (Agriculture) (England) (No. 2) Regulations 2006 public guidance (Record no. 112518)
[ view plain ]
| 000 -LEADER | |
|---|---|
| fixed length control field | 01258cad a22002055a 4500 |
| 001 - CONTROL NUMBER | |
| control field | L153436 |
| 008 - FIXED-LENGTH DATA ELEMENTS--GENERAL INFORMATION | |
| fixed length control field | 110726s2011 xxk f 000 0 eng d |
| 020 ## - INTERNATIONAL STANDARD BOOK NUMBER | |
| International Standard Book Number | 9781847542229 |
| 035 ## - SYSTEM CONTROL NUMBER | |
| System control number | (Sirsi) u153436 |
| 041 0# - LANGUAGE CODE | |
| Language code of text/sound track or separate title | eng |
| 110 2# - MAIN ENTRY--CORPORATE NAME | |
| Corporate name or jurisdiction name as entry element | Natural England |
| 9 (RLIN) | 5071 |
| 245 00 - TITLE STATEMENT | |
| Title | Environmental Impact Assessment (Agriculture) (England) (No. 2) Regulations 2006 public guidance |
| Remainder of title | consultation draft |
| Medium | [electronic resource] |
| 260 ## - PUBLICATION, DISTRIBUTION, ETC. | |
| Place of publication, distribution, etc. | [S.l.] |
| Name of publisher, distributor, etc. | Natural England |
| Date of publication, distribution, etc. | 2011 |
| 520 ## - SUMMARY, ETC. | |
| Summary, etc. | These regulations came into force in October 2006 and offer guidance for farmers, other land managers and owners. They have been updated as part of Natural England's regular review of external guidance as part of the text has been amended to clarify some matters in the five years since the Regulations have been in force. Natural England is keen to receive feedback on the guidance which should be given by 14 October 2011. |
| 590 ## - LOCAL NOTE (RLIN) | |
| Local note | KA |
| 651 #4 - SUBJECT ADDED ENTRY--GEOGRAPHIC NAME | |
| Geographic name | England |
| Chronological subdivision | 886- |
| 690 ## - LOCAL SUBJECT ADDED ENTRY--TOPICAL TERM (OCLC, RLIN) | |
| Topical term or geographic name as entry element | ENVIRONMENTAL AND LAND CONSULTANCY-ENVIRONMENTAL MANAGEMENT-ENVIRONMENTAL ASSESSMENT-ENVIRONMENTAL IMPACT ASSESSMENT |
| 856 40 - ELECTRONIC LOCATION AND ACCESS | |
| Uniform Resource Identifier | <a href="https://www.naturalengland.org.uk/Images/EIAGuidanceConsultationDraft_tcm6-27339.pdf">https://www.naturalengland.org.uk/Images/EIAGuidanceConsultationDraft_tcm6-27339.pdf</a> |
| Public note | View the guidance free of charge at www.naturalengland.org.uk |
| 942 ## - ADDED ENTRY ELEMENTS (KOHA) | |
| Suppress in OPAC | 0 |
| Withdrawn status | Lost status | Source of classification or shelving scheme | Damaged status | Not for loan | Home library | Current library | Shelving location | Date acquired | Total Checkouts | Full call number | Barcode | Date last seen | Copy number | Price effective from | Koha item type |
|---|---|---|---|---|---|---|---|---|---|---|---|---|---|---|---|
| Dewey Decimal Classification | Virtual | Virtual | Online | 26/07/2011 | ONLINE PUBLICATION | 153436-2001 | 06/08/2019 | 1 | 06/08/2019 | Book |